000 00854nam a22002657a 4500
001 BR8404779
003 BR-BrBNA
005 20230928092024.0
007 ta
008 230509b bl.||||| |||| 00| 0 por d
040 _aBR-BrBNA
_bpor
_cBiblioteca Nacional de Agricultura
041 _a(Por)
072 _aE14
_b/G514
090 _ E14 BR8404779
110 1 _aFundacao Estadual de Planejamento Agricola do Rio Grande do Norte, Natal (Brasil)
_94891
245 1 _aPrograma de desevolvimento rural do Rio Grande do Norte - v. 2. Analise espacial e estrategias de desenvolvimento [Brasil]
260 3 _aNatal, RN (Brasil):
_c1984.
300 _a151 p.
500 _a37 tables
650 _aDESENVOLVIMENTO RURAL
650 _aPROJETO DE DESENVOLVIMENTO
650 _aRIO GRANDE DO NORTE
909 _a202309
_bLucia
_c55
_dLucia Elande
942 _cBK
999 _c36744
_d36744